000 00444nam a2200181Ia 4500
008 230524s9999 xx 000 0 und d
020 _a8180546683
082 _a601.14
_bGUP
100 _aS.C.Gupta
245 0 _aFundamentals of Mathematical Statistics
250 _a7TH
260 _aNEW DELHI
_bS.Chand
_c1999
300 _aXXIV;1251
500 _aQuantity Number: 56
650 _aMathematics
700 _a V.K.Kapoor
942 _cBK
999 _c13693
_d13693